000 00638nam a2200229 a 4500
001 BRL_631
005 20190320210828.0
008 110913s1948----nyu#######---#000-0#eng-#
041 _aeng
044 _anyu
050 4 _aPZ3
_b.G37 1948
100 1 _aGardner, Erle Stanley
_d1889-1970
_910568
245 1 0 _aThe Case of the Caretaker´s cat
_cErle Stanley Gardner.
260 _aNew York
_bPocket Books
_c1948
300 _a242 p.
_c16 cm.
440 0 _aPocket book
_v138
_924480
500 _aEstado fĂ­sico; cubierta del libro desprendida
500 _aAu693
650 1 4 _aNovela policiaca
_923905
902 _aGRL
942 _2lcc
_cB
999 _c9443
_d9443